<?xml version="1.0" encoding="UTF-8"?>
<record
    xmlns:xsi="http://www.w3.org/2001/XMLSchema-instance"
    xsi:schemaLocation="http://www.loc.gov/MARC21/slim http://www.loc.gov/standards/marcxml/schema/MARC21slim.xsd"
    xmlns="http://www.loc.gov/MARC21/slim">

  <leader>02324nam0a2200337   4500</leader>
  <controlfield tag="001">RU\NLR\bibl\8753</controlfield>
  <controlfield tag="005">20260407022320.0</controlfield>
  <datafield tag="035" ind1=" " ind2=" ">
    <subfield code="a">(NLR Aleph) 000008553</subfield>
  </datafield>
  <datafield tag="090" ind1=" " ind2=" ">
    <subfield code="a">27342</subfield>
    <subfield code="c">27342</subfield>
  </datafield>
  <datafield tag="100" ind1=" " ind2=" ">
    <subfield code="a">19981127d1998    |||y0rusy50      ca</subfield>
  </datafield>
  <datafield tag="101" ind1="0" ind2=" ">
    <subfield code="a">rus</subfield>
    <subfield code="a">eng</subfield>
  </datafield>
  <datafield tag="102" ind1=" " ind2=" ">
    <subfield code="a">RU</subfield>
  </datafield>
  <datafield tag="105" ind1=" " ind2=" ">
    <subfield code="a">|||||||||||||</subfield>
  </datafield>
  <datafield tag="200" ind1="1" ind2=" ">
    <subfield code="a">V &#x41C;&#x435;&#x436;&#x434;&#x443;&#x43D;&#x430;&#x440;&#x43E;&#x434;&#x43D;&#x44B;&#x439; &#x433;&#x43E;&#x440;&#x43D;&#x43E;-&#x433;&#x435;&#x43E;&#x43B;&#x43E;&#x433;&#x438;&#x447;&#x435;&#x441;&#x43A;&#x438;&#x439; &#x444;&#x43E;&#x440;&#x443;&#x43C; "&#x41C;&#x438;&#x43D;&#x435;&#x440;&#x430;&#x43B;&#x44C;&#x43D;&#x43E;-&#x441;&#x44B;&#x440;&#x44C;&#x435;&#x432;&#x44B;&#x435; &#x440;&#x435;&#x441;&#x443;&#x440;&#x441;&#x44B; &#x441;&#x442;&#x440;&#x430;&#x43D; &#x421;&#x41D;&#x413;". &#x421;&#x438;&#x43C;&#x43F;&#x43E;&#x437;&#x438;&#x443;&#x43C; "&#x413;&#x43E;&#x440;&#x43D;&#x43E;&#x435; &#x43E;&#x431;&#x43E;&#x440;&#x443;&#x434;&#x43E;&#x432;&#x430;&#x43D;&#x438;&#x435;, &#x43F;&#x435;&#x440;&#x435;&#x440;&#x430;&#x431;&#x43E;&#x442;&#x43A;&#x430; &#x43C;&#x438;&#x43D;&#x435;&#x440;&#x430;&#x43B;&#x44C;&#x43D;&#x43E;&#x433;&#x43E; &#x441;&#x44B;&#x440;&#x44C;&#x44F;, &#x43D;&#x43E;&#x432;&#x44B;&#x435; &#x442;&#x435;&#x445;&#x43D;&#x43E;&#x43B;&#x43E;&#x433;&#x438;&#x438;, &#x44D;&#x43A;&#x43E;&#x43B;&#x43E;&#x433;&#x438;&#x44F;"</subfield>
    <subfield code="d">V International mining and geological Forum "Mineral Resources of the CIS States", St. Petersburg, 1997. Symposium "Mining equipment, processing of mineral raw materials, new technologies, ecology" - ETER-97, 7 &#x43E;&#x43A;&#x442;.-10 &#x43E;&#x43A;&#x442;. 1997 &#x433;&#x43E;&#x434;&#x430;</subfield>
    <subfield code="e">&#x422;&#x435;&#x437;. &#x434;&#x43E;&#x43A;&#x43B;.</subfield>
    <subfield code="z">eng</subfield>
  </datafield>
  <datafield tag="210" ind1=" " ind2=" ">
    <subfield code="a">[&#x421;&#x41F;&#x431;.]</subfield>
    <subfield code="c">&#x411;.&#x438;.</subfield>
    <subfield code="d">[1998]</subfield>
  </datafield>
  <datafield tag="215" ind1=" " ind2=" ">
    <subfield code="a">150 &#x441;.</subfield>
    <subfield code="d">29</subfield>
  </datafield>
  <datafield tag="225" ind1="1" ind2=" ">
    <subfield code="a">&#x41C;&#x438;&#x43D;&#x435;&#x440;&#x430;&#x43B;&#x44C;&#x43D;&#x43E;-&#x441;&#x44B;&#x440;&#x44C;&#x435;&#x432;&#x44B;&#x435; &#x440;&#x435;&#x441;&#x443;&#x440;&#x441;&#x44B; &#x441;&#x442;&#x440;&#x430;&#x43D; &#x421;&#x41D;&#x413;</subfield>
    <subfield code="d">Mineral Resources of the CIS</subfield>
  </datafield>
  <datafield tag="300" ind1=" " ind2=" ">
    <subfield code="a">&#x427;&#x430;&#x441;&#x442;&#x44C; &#x442;&#x435;&#x43A;&#x441;&#x442;&#x430; &#x43D;&#x430; &#x430;&#x43D;&#x433;&#x43B;. &#x44F;&#x437;.</subfield>
  </datafield>
  <datafield tag="510" ind1="1" ind2=" ">
    <subfield code="6">z01791</subfield>
    <subfield code="a">V International mining and geological Forum "Mineral Resources of the CIS States", St. Petersburg. Symposium "Mining equipment, processing of mineral raw materials, new technologies, ecology" - ETER-97</subfield>
    <subfield code="z">eng</subfield>
  </datafield>
  <datafield tag="606" ind1="0" ind2=" ">
    <subfield code="a">&#x413;&#x43E;&#x440;&#x43D;&#x43E;&#x435; &#x434;&#x435;&#x43B;&#x43E;</subfield>
    <subfield code="j">&#x421;&#x44A;&#x435;&#x437;&#x434;&#x44B;, &#x441;&#x43E;&#x432;&#x435;&#x449;&#x430;&#x43D;&#x438;&#x44F; &#x438; &#x442;.&#x43F;.</subfield>
    <subfield code="9">1143947</subfield>
    <subfield code="3">RU\NLR\auth\66137278</subfield>
  </datafield>
  <datafield tag="686" ind1=" " ind2=" ">
    <subfield code="a">&#x418;.&#x44F;431</subfield>
  </datafield>
  <datafield tag="710" ind1="1" ind2="2">
    <subfield code="4">070</subfield>
    <subfield code="a">"&#x41C;&#x438;&#x43D;&#x435;&#x440;&#x430;&#x43B;&#x44C;&#x43D;&#x43E;-&#x441;&#x44B;&#x440;&#x44C;&#x435;&#x432;&#x44B;&#x435; &#x440;&#x435;&#x441;&#x443;&#x440;&#x441;&#x44B; &#x441;&#x442;&#x440;&#x430;&#x43D; &#x421;&#x41D;&#x413;", &#x43C;&#x435;&#x436;&#x434;&#x443;&#x43D;&#x430;&#x440;&#x43E;&#x434;&#x43D;&#x44B;&#x439; &#x444;&#x43E;&#x440;&#x443;&#x43C;</subfield>
    <subfield code="d">5</subfield>
    <subfield code="f">1997</subfield>
    <subfield code="e">&#x421;&#x430;&#x43D;&#x43A;&#x442;-&#x41F;&#x435;&#x442;&#x435;&#x440;&#x431;&#x443;&#x440;&#x433;</subfield>
    <subfield code="3">RU\NLR\AUTH\8810001610</subfield>
    <subfield code="9">500408</subfield>
  </datafield>
  <datafield tag="711" ind1="1" ind2="2">
    <subfield code="4">070</subfield>
    <subfield code="a">"&#x413;&#x43E;&#x440;&#x43D;&#x43E;&#x435; &#x43E;&#x431;&#x43E;&#x440;&#x443;&#x434;&#x43E;&#x432;&#x430;&#x43D;&#x438;&#x435;, &#x43F;&#x435;&#x440;&#x435;&#x440;&#x430;&#x431;&#x43E;&#x442;&#x43A;&#x430; &#x43C;&#x438;&#x43D;&#x435;&#x440;&#x430;&#x43B;&#x44C;&#x43D;&#x43E;&#x433;&#x43E; &#x441;&#x44B;&#x440;&#x44C;&#x44F;, &#x43D;&#x43E;&#x432;&#x44B;&#x435; &#x442;&#x435;&#x445;&#x43D;&#x43E;&#x43B;&#x43E;&#x433;&#x438;&#x438;, &#x44D;&#x43A;&#x43E;&#x43B;&#x43E;&#x433;&#x438;&#x44F;", &#x441;&#x438;&#x43C;&#x43F;&#x43E;&#x437;&#x438;&#x443;&#x43C;</subfield>
    <subfield code="f">1996</subfield>
    <subfield code="e">&#x421;&#x430;&#x43D;&#x43A;&#x442;-&#x41F;&#x435;&#x442;&#x435;&#x440;&#x431;&#x443;&#x440;&#x433;</subfield>
    <subfield code="3">RU\NLR\AUTH\8810001604</subfield>
    <subfield code="9">500397</subfield>
  </datafield>
  <datafield tag="791" ind1="1" ind2="2">
    <subfield code="4">070</subfield>
    <subfield code="8">eng</subfield>
    <subfield code="a">"Mineral resources of CIS states", international forum</subfield>
    <subfield code="d">5</subfield>
    <subfield code="f">1997</subfield>
    <subfield code="e">Petersburg</subfield>
    <subfield code="7">ba</subfield>
    <subfield code="3">RU\NLR\auth\8810007487</subfield>
    <subfield code="9">512604</subfield>
  </datafield>
  <datafield tag="801" ind1=" " ind2="0">
    <subfield code="a">RU</subfield>
    <subfield code="b">NLR</subfield>
    <subfield code="c">19981127</subfield>
    <subfield code="g">PSBO</subfield>
  </datafield>
  <datafield tag="801" ind1=" " ind2="1">
    <subfield code="a">RU</subfield>
    <subfield code="b">NLR</subfield>
    <subfield code="c">19981127</subfield>
  </datafield>
  <datafield tag="852" ind1=" " ind2=" ">
    <subfield code="a">NLR</subfield>
    <subfield code="j">98-8/1074</subfield>
  </datafield>
  <datafield tag="942" ind1=" " ind2=" ">
    <subfield code="c">BOOK</subfield>
  </datafield>
  <datafield tag="980" ind1=" " ind2=" ">
    <subfield code="a">NB</subfield>
  </datafield>
  <datafield tag="995" ind1=" " ind2=" ">
    <subfield code="5">2013-10-26</subfield>
    <subfield code="b">NLR01</subfield>
    <subfield code="c">NLR01</subfield>
    <subfield code="e">RF8</subfield>
    <subfield code="f">8553-10</subfield>
    <subfield code="k">98-8/1074</subfield>
    <subfield code="o">0</subfield>
    <subfield code="r">BOOK</subfield>
    <subfield code="s">9881074_</subfield>
  </datafield>
</record>
